000 00359nam a2200145 i 4500
001 bg
100 1 _aORZECHOWSKI, Zdzisław.
245 0 _aĆwiczenia laboratoryjne z mechaniki płynów /
_cZ. Orzechowski.
250 _aWyd.2 uzup.
260 _aŁódź,
_c1983.
040 _cBPK
041 _apol
942 _cKS
008 s pl f |000 0 pol
999 _c946
_d946
856 _uhttp://koha.tu.koszalin.pl/cgi-bin/koha/opac-detail.pl?biblionumber=946
_yKatalog online BPK